00309nam a2200121Ia 4500008004000000020001800040082001700058100001800075245003100093260004300124300000700167650001300174210210b1981 xxu||||| |||| 00| 0 eng d a0 85079 118 9 a796.342 BORM aBORG (Bjorn). aMy guide to better tennis. aLondon.bExpress Newspaper Ltd.,c1981 a92 aTennis